00528 2200217 4500001002100000005001500021035002000036007000300056008004100059020002200100082001100122084001700133100001300150245003500163250001000198260003400208300002900242990001300271990001300284990001300297INLIS00000000000807620220302034602 a0010-0322000095ta220302 g 0 ind  a978-602-9186-22-2 a745.54 a745.54 LIN a0 aLinawati1 aAKSESORI DARI PITA /cLinawati acet.2 aSurabaya :bTiara Aksa,c2018 a64 hlm. :bilus ;c21 cm a022.6416 a022.6417 a022.6418